[Event "Mermaid Beach Club Match"]
[Site "Bermuda BER"]
[Date "1999.02.01"]
[Round "10"]
[White "Adams, Michael"]
[Black "Seirawan, Yasser"]
[Result "1/2-1/2"]
[WhiteElo "2716"]
[BlackElo "2643"]

1.e4 c6 2.d4 d5 3.Nd2 dxe4 4.Nxe4 Nd7 5.Ng5 Ngf6 6.Bd3 e6 7.N1f3 Bd6 8.Qe2
h6 9.Ne4 Nxe4 10.Qxe4 Nf6 11.Qe2 b6 12.Bd2 Bb7 13.O-O-O Qc7 14.Kb1 O-O-O 
15.c4 c5 16.Bc3 Kb8 17.dxc5 Bxc5 18.Bc2 Rxd1+ 19.Rxd1 Rd8 20.Rxd8+ Qxd8 
21.Ne5 Qc7 22.f4 Bd6 23.a3 Kc8 24.g4 Bxe5 25.Bxe5 Qc6 26.Ka2 Qf3 27.Bd1 
Qxe2 28.Bxe2 Ne8 29.h4 f6 30.Bd4 Kc7 31.b4 Nd6 32.Kb3 Nf7 33.c5 e5 34.fxe5
Nxe5 35.cxb6+ axb6 36.a4 g5 37.hxg5 hxg5 38.a5 bxa5 39.bxa5 Kd6 40.a6 Bxa6
41.Bxa6 Nxg4 42.Bc8 Ne5 43.Kc3 Nc6 44.Bg1 Ne7 45.Bh2+ Kd5 46.Bb7+ Ke6 47.
Kd4 Kd7 48.Ba6 Ke6 49.Bc4+ Kf5 50.Bd6 Ng6 51.Bd3+ Ke6 52.Bb4 Nf4 53.Bc2 f5
54.Ba5 Ne2+ 55.Ke3 Ng3 56.Bc3 Kf7 57.Be1 Ne4 58.Kd4 Kf6 59.Ba5 Nf2 60.Bd8+
Kg6 61.Bb1 Ng4 62.Be7 Nh6 63.Ke5 Kh5 64.Bd3 f4 65.Be2+ Kh4 66.Ke4 Ng4 67.
Bd8 Nh2 68.Kf5 1/2-1/2

[Event "Bundesliga"]
[Site "Hamburg GER"]
[Date "1998.12.13"]
[Round "5"]
[White "Movsesian, Sergei"]
[Black "Adams, Michael"]
[Result "1-0"]
[WhiteElo "2640"]
[BlackElo "2715"]

1.e4 e5 2.Nf3 Nc6 3.Bb5 a6 4.Ba4 Nf6 5.O-O Be7 6.Re1 b5 7.Bb3 O-O 8.d4 d6 
9.c3 Bg4 10.d5 Na5 11.Bc2 Qc8 12.h3 Bd7 13.Nbd2 c6 14.dxc6 Qxc6 15.Nf1 
Rac8 16.Ng3 Rfe8 17.a4 Bd8 18.axb5 axb5 19.Qe2 Qb6 20.Bd3 Qb8 21.Bg5 Nb3 
22.Rad1 h6 23.Be3 Nc5 24.Nh4 Nd5 25.exd5 Nxd3 26.Rxd3 Bxh4 27.Qh5 e4 28.
Rd4 Bxg3 29.fxg3 Re5 30.Qe2 Ree8 31.g4 Qb7 32.Bf4 Qb6 33.Qf2 Qb7 34.Bxd6 
Rc4 35.Bf4 Qc8 36.d6 Qc6 37.Red1 Rxd4 38.Qxd4 Ra8 39.Re1 Re8 40.Kf2 f6 41.
Ke3 Ra8 42.Rd1 Kf7 43.Kf2 Ra4 44.Qd2 Ra2 45.Qc2 Ra4 46.Be3 Rc4 47.Qe2 b4 
48.Bd4 bxc3 49.Bxc3 Qc5+ 50.Qe3 Qxe3+ 51.Kxe3 Ke6 52.g3 Ba4 53.Rd2 Bc6 54.
h4 Ra4 55.Rd1 Ra8 56.Bb4 Kd7 57.Kf4 Rb8 58.Bc3 Ke6 59.Rd4 Rb5 60.Bb4 Kd7 
61.Rc4 g5+ 62.hxg5 hxg5+ 63.Ke3 f5 64.gxf5 Rxf5 65.Rc3 Rf3+ 66.Kd4 g4 67.
Ra3 Ke6 68.Bc5 Rxa3 69.Bxa3 Bb7 70.Bb4 Bc6 71.Kc5 Kd7 72.Bd2 Ba4 73.Bf4 
Bb3 74.Kd4 Bc2 75.Kd5 Bb1 76.b4 Bc2 77.b5 Bd3 78.b6 Ba6 79.Kxe4 Kc6 80.Ke5
Bc8 81.Be3 Kd7 82.Bc5 Kc6 83.Kf6 Kd7 84.Ba3 Bb7 85.Kf5 Bf3 86.Bb4 Kc8 87.
Ke6 Bc6 88.Ke7 Kb7 89.Bc5 Kc8 90.Bd4 Bb5 91.d7+ Bxd7 92.b7+ Kxb7 93.Kxd7 
1-0